000 00578nam a2200181 i 4500
001 19544
003 ES-MaACL
005 20250930063036.0
008 021003s1978 ag |||| | spa d
100 1 _aEban, Abba Solomon,
_d1915-2002
_9170924
245 1 3 _aLa voz de Israel /
_cAbba Eban ; traducción de María Martínez Sierra.
260 _aBuenos Aires :
_bLosada,
_c[1978]
300 _a306 p. ;
_c21 cm.
651 4 _aIsrael-
_xHistoria.
_98858
700 1 _aMartínez Sierra, María,
_d1874-1974
_978430
852 _aES-MaACL
_jL-7459
999 _c19544
_d19544